Derecho de la sociedad conyugal y sus consecuencias.

Disimpan dalam:
Butiran Bibliografi
Pengarang Utama: Panza, Juan.
Format: Buku
Bahasa:Spanish
Diterbitkan: Santa Fe, Tall. gráf. F. Castellvi [1943]
Subjek-subjek:
Penanda-penanda: Tambah Penanda
Tiada Penanda, Jadilah orang pertama menanda rekod ini!
LEADER 00524nam a2200193I 4500
001 005106963-6
005 20020606095253.2
008 941223s1943 ag 000 0 spa
010 |a  45012178  
035 0 |a ocm65117266 
040 |a DLC  |c HVL 
100 1 |a Panza, Juan. 
245 1 0 |a Derecho de la sociedad conyugal y sus consecuencias. 
260 |a Santa Fe,  |b Tall. gráf. F. Castellvi  |c [1943] 
300 |a 3-18 p.  |c 18 cm. 
500 |a Cover-title. 
650 0 |a Husband and wife  |z Argentina. 
988 |a 20020608 
906 |0 DLC